00800cam a22002291 4500001001300000003000400013005001700017008004100034010001700075035002000092040003800112042001200150050001900162100002500181245005800206260008300264300004400347440010200391504003200493600003000525999001500555af 47004861 DLC20260227110828.0940620s1942 be c b 000 0 dut c aaf 47004861  a(OCoLC)30633342 aNew York. Public librarycCUdDLC apremarc00aPT6430.H48bZ71 aClosset, François.00aOver den dichter Raymond Herreman,cdoor Fr. Closset. aLiége,b34, rue de l'Université;aBruxelles,cU.m.A. Manteau, n.v.c[1942] a2 p. l., [7]-77 p., 1 l.bport.c23 cm. 0aUniversité de Liége. Séminaire de néerlandais. Directeur: R. Verdeyen. [Uitgaven,vno. 2] a"Bibliografie": p. [73]-77.10aHerreman, Raymond,d1896- c2831d2831